Welcome to CU Library Online Public Access Catalogue (OPAC)

Contemporary leadership and intercultural competence : (Record no. 924)

MARC details
000 -LEADER
fixed length control field 00938cam a2200253 a 4500
001 - CONTROL NUMBER
control field 15308495
005 - DATE AND TIME OF LATEST TRANSACTION
control field 20241108170320.0
008 - FIXED-LENGTH DATA ELEMENTS--GENERAL INFORMATION
fixed length control field 080528s2009 caua b 001 0 eng
020 ## - INTERNATIONAL STANDARD BOOK NUMBER
International Standard Book Number 9781412954525 (cloth)
020 ## - INTERNATIONAL STANDARD BOOK NUMBER
International Standard Book Number 1412954525 (cloth)
020 ## - INTERNATIONAL STANDARD BOOK NUMBER
International Standard Book Number 9781412954532 (pbk.)
020 ## - INTERNATIONAL STANDARD BOOK NUMBER
International Standard Book Number 1412954533 (pbk.)
050 00 - LIBRARY OF CONGRESS CALL NUMBER
Classification number HD57.7
Item number .C6665 2009
082 00 - DEWEY DECIMAL CLASSIFICATION NUMBER
Classification number 658.4/092
Edition information 22
245 00 - TITLE STATEMENT
Title Contemporary leadership and intercultural competence :
Remainder of title exploring the cross-cultural dynamics within organizations /
Statement of responsibility, etc. Michael A. Moodian, editor.
260 ## - PUBLICATION, DISTRIBUTION, ETC.
Place of publication, distribution, etc. Los Angeles :
Name of publisher, distributor, etc. SAGE,
Date of publication, distribution, etc. c2009.
300 ## - PHYSICAL DESCRIPTION
Extent xii, 299 p. :
Other physical details ill. ;
Dimensions 26 cm.
650 #0 - SUBJECT ADDED ENTRY--TOPICAL TERM
Topical term or geographic name entry element Leadership
Form subdivision Cross-cultural studies.
650 #0 - SUBJECT ADDED ENTRY--TOPICAL TERM
Topical term or geographic name entry element Organizational behavior
Form subdivision Cross-cultural studies.
650 #0 - SUBJECT ADDED ENTRY--TOPICAL TERM
Topical term or geographic name entry element Intercultural communication.
700 1# - ADDED ENTRY--PERSONAL NAME
Personal name Moodian, Michael A.
856 41 - ELECTRONIC LOCATION AND ACCESS
Materials specified Table of contents only
Uniform Resource Identifier <a href="http://www.loc.gov/catdir/toc/ecip0819/2008022450.html">http://www.loc.gov/catdir/toc/ecip0819/2008022450.html</a>
942 ## - ADDED ENTRY ELEMENTS (KOHA)
Source of classification or shelving scheme Library of Congress Classification
Koha item type Books
Suppress in OPAC No
999 ## -
-- 924
-- 924
Holdings
Withdrawn status Lost status Source of classification or shelving scheme Damaged status Not for loan Collection Home library Current library Shelving location Date acquired Total checkouts Full call number Barcode Date last seen Copy number Price effective from Koha item type
    Library of Congress Classification     Non-fiction Business Library (Miotso) Business Library (Miotso) General stacks 11/08/2024   HD57.7 .C6665 2009 BSSM00000236 11/08/2024 1 11/08/2024 Books
    Library of Congress Classification     Non-fiction Business Library (Miotso) Business Library (Miotso) General stacks 11/08/2024   HD57.7 .C6665 2009 BSSM00000237 11/08/2024 2 11/08/2024 Books
    Library of Congress Classification     Non-fiction Business Library (Miotso) Business Library (Miotso) General stacks 11/08/2024   HD57.7 .C6665 2009 BSSM00000238 11/08/2024 3 11/08/2024 Books
    Library of Congress Classification     Non-fiction Business Library (Miotso) Business Library (Miotso) General stacks 11/08/2024   HD57.7 .C6665 2009 BSSM00000239 11/08/2024 4 11/08/2024 Books
    Library of Congress Classification     Non-fiction Business Library (Miotso) Business Library (Miotso) General stacks 11/08/2024   HD57.7 .C6665 2009 BSSM00000240 11/08/2024 5 11/08/2024 Books
    Library of Congress Classification       Undergraduate Library (Christ Temple) Undergraduate Library (Christ Temple) General stacks 03/07/2025   HD 57.7.C 6665 CON ulct00001543 03/07/2025 1 03/07/2025 Books
    Library of Congress Classification       Undergraduate Library (Christ Temple) Undergraduate Library (Christ Temple) General stacks 03/07/2025   HD 57.7.C 6665 CON ulct00001544 03/07/2025 2 03/07/2025 Books
© 2023-2024 Copyright: Central University Libraries. All Rights Reserved | Created by: Mahone Tech Office